000 01212nam0a22002531 4500
001 rc\3629250
005 20260407123748.0
021 _aRU
_bП1511-74
035 _a(NLR Aleph) 007722387
090 _a6965898
_c6965898
100 _a20130115d1974 |||y0rusy50 ca
101 0 _arus
102 _aRU
105 _ay z |||||
200 1 _aПлан работы Междуведомственной комиссии по взрывному делу на 1974 год
210 _aМосква
_cБ. и.
_d1974
215 _a10 с.
_d14
225 1 _aМинистерство угольной промышленности СССР. АН СССР. Институт горного дела имени А.А. Скочинского. Междуведомственная комиссия по взрывному делу. [Материалы Междуведомственной комиссии по взрывному делу]
_vВып. № В-237
710 0 2 _aМеждуведомственная комиссия по взрывному делу
_cМосква
_3RU\NLR\AUTH\8810073224
_9648516
801 0 _aRU
_bNLR
_gpsbo
801 1 _aRU
_bELAR
_2rusmarc
852 _aNLR
_jП10/2252
942 _cBOOK
980 _aNB